=LDR 00000nam 2200000 4500 =001 NUTBA000000000000766 =005 20140603121254.0 =006 =007 =008 =020 ##$$a 979-489-835-X =035 ##$$0010-041400000000036 =082 ##$$a 615.882 =090 ##$$a 615.882 Gun i =100 ##$$a Didik Gunawan $c Drs.,Apt,.Su =245 ##$$a Ilmu Obat Alam =250 ##$$a Cet.1 =260 ##$$a Jakarta $b Penebar Swadaya $c 2004 =300 ##$$a 126 hlm $b ilus $c 30 cm =440 ##$$a Farmakologi =850 ##$$a NBPNMAT =990 ##$$a 92299/BPAP-NTB/2014 =990 ##$$a 92307/BPAP-NTB/2014 =990 ##$$a 21400613/BPAP-NTB/20142014 =990 ##$$a 0001/BPAP-NTB/20142014 =990 ##$$a 0001/BPAP-NTB/20142015 =990 ##$$a 0001/BPAP-NTB/20142015 =990 ##$$a 0001/BPAP-NTB/20142015 =990 ##$$a 0001/BPAP-NTB/20142015